Anandalahari : spandasamaya (saundarya lahariya purvabhaga) (Record no. 119368)

MARC details
000 -LEADER
fixed length control field 00742nam a2200217Ia 4500
003 - CONTROL NUMBER IDENTIFIER
control field OSt
005 - DATE AND TIME OF LATEST TRANSACTION
control field 20251205144308.0
008 - FIXED-LENGTH DATA ELEMENTS--GENERAL INFORMATION
fixed length control field 210210b2015 xxu||||| |||| 00| 0 eng d
040 ## - CATALOGING SOURCE
Transcribing agency AL
041 ## - LANGUAGE CODE
Language code of text/sound track or separate title Kannada
082 ## - DEWEY DECIMAL CLASSIFICATION NUMBER
Classification number K894.9 LAKA
100 ## - MAIN ENTRY--PERSONAL NAME
Personal name Lakshmisha Tholpadi
9 (RLIN) 164217
110 ## - MAIN ENTRY--CORPORATE NAME
Corporate name or jurisdiction name as entry element ಲಕ್ಷ್ಮೀಶ ತೊಲ್ಪಾಡಿ
9 (RLIN) 247890
245 ## - TITLE STATEMENT
Title Anandalahari : spandasamaya (saundarya lahariya purvabhaga)
Remainder of title : ಆನಂದಲಹರಿ : ಸ್ಪಂದಸಮಯ (ಸೌ೦ದರ್ಯ ಲಹರಿಯ ಪೂರ್ವಭಾಗ)
260 ## - PUBLICATION, DISTRIBUTION, ETC.
Place of publication, distribution, etc. Bengaluru
Name of publisher, distributor, etc. Abhinava Prakashana
Date of publication, distribution, etc. 2015
300 ## - PHYSICAL DESCRIPTION
Extent 335p
650 ## - SUBJECT ADDED ENTRY--TOPICAL TERM
Topical term or geographic name entry element spandasamaya
9 (RLIN) 164218
690 ## - LOCAL SUBJECT ADDED ENTRY--TOPICAL TERM (OCLC, RLIN)
Topical term or geographic name as entry element Kannada Criticism
9 (RLIN) 164223
906 ## - LOCAL DATA ELEMENT F, LDF (RLIN)
a 069811
942 ## - ADDED ENTRY ELEMENTS (KOHA)
Source of classification or shelving scheme Dewey Decimal Classification
Koha item type Book
Holdings
Withdrawn status Lost status Source of classification or shelving scheme Damaged status Not for loan Collection code Home library Current library Shelving location Date acquired Source of acquisition Cost, normal purchase price Total Checkouts Full call number Barcode Date last seen Price effective from Koha item type
    Dewey Decimal Classification     Kannada St Aloysius Library St Aloysius Library   02/17/2021 Navakarnataka Publication Pvt Ltd., Mangalore 250.00   K894.9 LAKA 069811 02/17/2021 02/17/2021 Book